El derecho de la naturaleza Una aproximacin̤ interdisciplinaria a los estudios ambientales /

Bibliographic Details
Main Author: Lamprea Montealegre, Everaldo
Format: eBook
Language:Spanish
Published: Bogot:̀ Siglo del Hombre Editores, 2019
Subjects:
Online Access:Acceso restringido

MARC

LEADER 00000nam a22000007a 4500
005 20210503233241.0
007 cr|||| ||||
008 210503s2019 co |||||s|||| 00||0 spa d
020 |a 978-958-665-546-0 
035 |a 33242 
040 |a vLex 
090 |c 11602  |d 11602 
100 1 |a Lamprea Montealegre, Everaldo 
245 1 2 |a El derecho de la naturaleza  |h [Recurso electrn̤ico] :  |b Una aproximacin̤ interdisciplinaria a los estudios ambientales /  |c Everaldo Lamprea Montealegre 
256 |a Servicio en ln̕ea 
260 |a Bogot:̀  |b Siglo del Hombre Editores,  |c 2019 
300 |a 1 recurso electrn̤ico 
500 |a El Antropoceno, sostienen los especialistas, es una era en la cual ya no existe una naturaleza separada y distinta de los seres humanos, sino que el mundo entero es un producto conjunto de la actividad humana y de fenm̤enos no humanos subyacentes, mezclados de manera indisoluble. Con base en tal premisa, en esta obra se sostiene que el derecho ambiental debe entenderse como el conjunto de instituciones formales e informales mediante los cuales se busca mitigar el daǫ que causamos los seres humanos, en nuestra calidad de fuerzas naturales o entidades geolg̤icas, al bienestar y los intereses de las generaciones futuras, de la comunidad global y de especies distintas. 
506 1 |a Disponible solo en los productos indicados  |d vLex Global  |d vLex Global (Academic Edition, excluding Law Schools)  |d vLex Global (U.S. Academic Edition, Law Schools)  |d vLex Global (U.S. Academic Edition, excluding Law Schools)  |d vLex Global (Academic Edition, Law Schools) 
650 0 4 |a Derecho del Medio Ambiente  |z Colombia 
740 0 |a vLex Libros (Servicio en ln̕ea) 
856 4 0 |u https://vlex.com/source/derecho-de-la-naturaleza-una-aproximacion-interdisciplinaria-a-los-estudios-ambientales-33242  |z Acceso restringido 
942 |c BOOK 
999 0 |a Environmental Law